La Estructura de las lenguas / (Record no. 5750)

MARC details
000 -LEADER
campo de control de longitud fija 00798nam a2200241 i 4500
001 - NÚMERO DE CONTROL
campo de control 5750
003 - IDENTIFICADOR DE NÚMERO DE CONTROL
campo de control ES-MaACL
005 - FECHA Y HORA DE LA ÚLTIMA TRANSACCIÓN
campo de control 20230906144700.0
007 - CAMPO FIJO DE DESCRIPCIÓN FÍSICA--INFORMACIÓN GENERAL
campo de control de longitud fija t|
008 - DATOS DE LONGITUD FIJA--INFORMACIÓN GENERAL
campo de control de longitud fija 890518s1987 sp ||||1| spa d
020 ## - NÚMERO INTERNACIONAL ESTÁNDAR DEL LIBRO
Número Internacional Estándar del Libro 84-249-1097-4
080 ## - NÚMERO DE LA CLASIFICACIÓN DECIMAL UNIVERSAL
Número de la Clasificación Decimal Universal 4.01
100 1# - ENTRADA PRINCIPAL--NOMBRE DE PERSONA
Nombre de persona Hagege, Claude.
9 (RLIN) 61443
245 13 - MENCIÓN DEL TÍTULO
Título La Estructura de las lenguas /
Mención de responsabilidad, etc. Claude Hagege ; version española de Celestino Valladares.
260 ## - PUBLICACIÓN, DISTRIBUCIÓN, ETC.
Lugar de publicación, distribución, etc. Madrid :
Nombre del editor, distribuidor, etc. Gredos,
Fecha de publicación, distribución, etc. D.L. 1987.
300 ## - DESCRIPCIÓN FÍSICA
Extensión 167 p. ;
Dimensiones 20 cm.
490 1# - MENCIÓN DE SERIE
Mención de serie Biblioteca románica hispánica. III. Manuales ;
Designación de volumen o secuencia 67
650 #4 - PUNTO DE ACCESO ADICIONAL DE MATERIA--TÉRMINO DE MATERIA
Término de materia o nombre geográfico como elemento de entrada Lenguas-
Subdivisión general Clasificación.
9 (RLIN) 14354
700 1# - ENTRADA AGREGADA--NOMBRE PERSONAL
Nombre de persona Valladares, Celestino.
9 (RLIN) 112724
830 0# - PUNTO DE ACCESO ADICIONAL DE SERIE-TÍTULO UNIFORME
Título uniforme Biblioteca románica hispánica. III. Manuales ;
Designación de volumen o secuencia 67
9 (RLIN) 177701
852 ## - LOCALIZACIÓN
Ubicación ES-MaACL
Número de control de estantería L-12745
Sublocalización o colección R.115664
Nota libre . - rust.
Holdings
Estatus retirado Estado de pérdida Estado de daño No para préstamo Biblioteca de origen Biblioteca actual Ubicación en estantería Fecha de adquisición Fuente de adquisición Total de préstamos Signatura topográfica completa Código de barras Visto por última vez Precio de reemplazo Tipo de ítem Koha
        Biblioteca del Ateneo de Madrid Biblioteca del Ateneo de Madrid Depósito 2 17/01/2008     L-12745 1005837 23/02/2023 23/02/2023 Libro impreso